Statistics for Top 5 Songs On Loveworm (Beabadoobee)

Click here to take the quiz!

General Stats

  • This quiz has been taken 12 times
  • The average score is 4 of 5

Answer Stats

HintAnswer% Correct
12,011,157Apple Cider
92%
10,008,792Soren
83%
10,843,5871999
67%
3,558,102Ceilings
67%
14,498,470Disappear
58%

Score Distribution

Percentile by Number Answered

Percent of People with Each Score

Your Score History

You have not taken this quiz